000 00354 a2200157 4500
001 149107
040 _cEscola São Tomás de Aquino
100 _aRIBEIRO, Jonas
240 1 0 _aEu te amo para sempre
_lpor
245 1 0 _aEu te amo para sempre
300 _a24
362 0 _a2008
440 1 _aDimensão
697 _a*LITERATURA INFANTO
942 _cBK
999 _c149107
_d149107